000 00735nam a22002057a 4500
003 UA-OsUOA
001 12195
007 ta
008 20050510b un ||||| |||| 00| 0 ukr d
100 _aЯнок Дмитро
942 _cSA
040 _aUA-OsUOA
_bukr
_cUA-OsUOA
_dUA-OsUOA
245 _aАудит фінансової звітності у вирішенні проблеми підвищення якості інформації про фінансові результати діяльності підприємства
300 _aС.21-30
955 _a0
041 _aukr
044 _aUA
773 0 _w0
_tБанківська справа
_dК.
_d2005
_gN1
650 7 _aЕкономіка підприємств
_2UDC
999 _c298356
_d298356